| 000 | 00739nam a2200217Ia 4500 | ||
|---|---|---|---|
| 003 | GCL | ||
| 008 | 140319s9999 xx 000 0 ara d | ||
| 040 |
_aGCL / _cGCL |
||
| 082 | 0 | 4 |
_a340.57 _bا ص |
| 100 | 1 | _aانور العمروسى | |
| 245 | 1 | 0 |
_aالصيغ القضائية الحديثة فى الاوراق والدعاوى والطعون والاحكام / _cانور العمروسى |
| 260 |
_a[S.N] : _bلجنة الاعلام والدراسات المستقبلية |
||
| 300 | _a703 ص | ||
| 490 | _a | ||
| 650 | 0 | 4 | _aالقانون |
| 650 | 0 | 4 | _aالقانون المدنى |
| 650 | 0 | 4 | _aالقانون الادارى |
| 650 | 0 | 4 | _aالقانون التجارى |
| 650 | 0 | 4 | _aتاريخ حربى |
| 942 |
_2ddc _cBK |
||
| 999 |
_c38897 _d38897 |
||